| 000 | 00531cam a22001577i 4500 | ||
|---|---|---|---|
| 008 | 231120s2014 gw a b 001 0 eng | ||
| 020 | _a9783527337125 | ||
| 050 | 0 | 0 | _aTA 418.75 .C67 |
| 245 | 0 | 0 |
_aCorrosion resistance against hydrogen / _cedited by Michael Schütze, Günter Schmitt, and Roman Bender. |
| 300 |
_axii, 468 pages : _billustrations ; |
||
| 650 | 0 |
_aMaterials _xDeterioration. |
|
| 650 | 0 |
_aHydrogen _xIndustrial applications. |
|
| 650 | 0 | _aCorrosion and anti-corrosives. | |
| 700 | 1 | _aSchütze, Michael, | |
| 942 | _cBK | ||
| 999 |
_c2317 _d2317 |
||